000 01075nam a22002654a 4500
005 20090810123559.0
008 081124s2009 cau b 000 0 eng
010 _aENG-94697
020 _a9788178298740 (hard back)
_c395.00
035 _aEN-78230
037 _bDBAD / PUB
040 _adpl
_bEnglish
082 _a363.61095432
100 _aUrs, Kshithij
245 _aResisting reform? :
_bwater profits and democracy /
_cby Kshithij Urs (and) Richard Whittell
260 _aNew Delhi
_bSAGE Publications
_c2009
270 _aB1/I-1 Mohan Cooperative Industrial Area, Mathura Road,
_bNew Delhi
_e110044
300 _aix, 169 p. ;
_c20cm(Hb)
504 _aIncludes bibliographical references
650 _aWater-supply
_zIndia
_zBangalore.
650 _aPrivatization
_zIndia
_zBangalore.
700 _aWhittell, Richard
942 _2ddc
_cEN
_h363.61095432
_mURS
999 _c29066
_d29066